| 000 | 003610000a22001570004500 | ||
|---|---|---|---|
| 003 | MACL | ||
| 040 | _aMACL | ||
| 090 |
_c5074 _d5073 |
||
| 100 | _aPanchani, Chander Shekhar | ||
| 245 |
_aManipur _bReligion Culture And Society |
||
| 260 |
_bKonark Publishers _c1987 |
||
| 350 | _a150 | ||
| 650 | _aGeography & Travels | ||
| 942 |
_cBOOK _k910 |
||
| 951 | _o910 BOOK | ||
| 999 |
_c5036 _d5036 |
||